| 000 | 00737cam a22002654a 4500 | ||
|---|---|---|---|
| 001 | 12887462 | ||
| 005 | 20180315063154.0 | ||
| 008 | 020808s2004 ohua 001 0 eng | ||
| 010 | _a 2002111173 | ||
| 020 | _a0324171900 (pbk. : package) | ||
| 020 | _a0324269412 (book) | ||
| 035 | _a(DLC) 2002111173 | ||
| 040 |
_aDLC _cDLC |
||
| 041 | _aeng | ||
| 042 | _apcc | ||
| 080 | _a330.101.541 MAN | ||
| 082 | _a330.101.541 MAN | ||
| 100 | 1 | _a52 | |
| 101 | _aMAK | ||
| 245 | 1 | 0 |
_aBrief principles of macroeconomics / _cN. Gregory Mankiw. |
| 246 | 3 | 0 | _aMacroeconomics |
| 906 |
_a7 _bcbc _corignew _d1 _eepcn _f20 _gy-gencatlg |
||
| 942 |
_2ddc _cBK |
||
| 999 |
_c45128 _d45128 |
||